| 000 | 00569nam a2200205Ia 4500 | ||
|---|---|---|---|
| 008 | 220216s9999 xx 000 0 und d | ||
| 100 | _aBotros S H | ||
| 245 | 0 | _aThermal stability, swelling behaviour and dielectric properties of NBR/PVC-PVAc blends | |
| 260 |
_bKautschuk Gummi Kunststoffe _c2000 |
||
| 300 | _a722-729 | ||
| 650 | _aDielectric constant | ||
| 650 | _aDielectric loss | ||
| 650 | _aNBR blends | ||
| 650 | _aSwelling | ||
| 650 | _aThermal stability | ||
| 700 | _aEl Kashef I M | ||
| 700 | _aKenawy M E | ||
| 700 | _aYounan A F | ||
| 942 | _cJS | ||
| 999 |
_c71238 _d71238 |
||